00776nam a2200157 a 450000100100000000500170001000800410002702000150006824502010008326001250028430000210040950400730043071000470050383000550055004000130060500003729420200930080254.0120321s1981 sp 000 0 spa d a840004803203aLa calidad de la educación :bexigencias científicas y condicionamientos individuales y sociales : [ponencias de un seminario] / [organizado por la] Escuela Asturiana de Estudios Hispánicos. aMadrid :bConsejo Superior de Investigaciones Científicas :bInstituto de Pedagogía "San José de Calasanz",c1981. a244 p. ;c24 cm. aIncluye referencias bibliográficas y notas al pie de las páginas2 aEscuela Asturiana de Estudios Hispánicos 0aConsejo Superior de Investigaciones Científicas, aDO-SdBNP